000 00429nam a2200181Ia 4500
001 19225
005 20260306171728.0
008 260306s9999||||xx |||||||||||||| ||und||
041 _aESP
082 _a658.81
_bA45
100 _aAlonso Leache, Belén
_eAUT
245 0 _aAnimación del punto de venta
260 _c2002
300 _a291 páginas :
_c26 cm.
650 _aGEN
654 _aCAN
942 _cLIB
_dJUS
_fJUS
_2ddc
_n
999 _c19225
_d19225